Параметрический анализ условий существования и динамики кавитационных пузырьков в трубопроводах реактора; Физико-технические проблемы атомной энергетики и промышленности (производство, наука, образование)

Detalles Bibliográficos
Parent link:Физико-технические проблемы атомной энергетики и промышленности (производство, наука, образование).— 2004.— С. 43.
Autor Principal: Сабденов К. О.
Outros autores: Пахомов А. А.
Idioma:ruso
Publicado: 2004
Subjects:
Formato: Capítulo de libro
KOHA link:https://koha.lib.tpu.ru/cgi-bin/koha/opac-detail.pl?biblionumber=102314

MARC

LEADER 00000naa2a2200000 4500
001 102314
005 20231031112945.0
035 |a (RuTPU)RU\TPU\book\110328 
090 |a 102314 
100 |a 20060922d2004 k y0rusy50 ca 
101 0 |a rus 
102 |a RU 
200 1 |a Параметрический анализ условий существования и динамики кавитационных пузырьков в трубопроводах реактора  |f К. О. Сабденов, А. А. Пахомов 
463 0 |0 (RuTPU)RU\TPU\book\73188  |y 5-7262-0526-1  |t Физико-технические проблемы атомной энергетики и промышленности (производство, наука, образование)  |o Международная научно-практическая конференция, Томск, 7-9 июня 2004 г.  |o Сборник тезисов докладов  |f Госатомнадзор РФ и др.  |v С. 43.  |d 2004  |p 187 с. 
610 1 |a реакторы 
610 1 |a трубопроводы 
610 1 |a параметрический анализ 
610 1 |a кавитационные пузырьки 
610 1 |a динамика 
610 1 |a теплообмен 
610 1 |a модели 
610 1 |a труды учёных ТПУ 
700 1 |a Сабденов  |b К. О. 
701 1 |a Пахомов  |b А. А. 
801 1 |a RU  |b 63413507  |c 20060922  |g PSBO 
801 2 |a RU  |b 63413507  |c 20101130  |g PSBO 
942 |c BK